000 01753nam0a2200349 4500
001 RU\NLR\b_ik\201975
005 20250613195046.0
035 _a(NLR Aleph) 009997767
090 _a9773360
_c9773360
100 _a20130514d1999 |||y0rusy50 ca
101 0 _aeng
_drus
102 _aRU
105 _ay |||||||||
200 1 _aAdding genericity to object-oriented ASMS
_dРодовые средства в объектно-ориентированных машинах абстрактных состояний
_fA.V. Zamulin
_zrus
210 _aNovosibirsk
_cA.P. Ershov Inst. of informatics systems
_d1999
215 _a28 с.
_d20
225 1 _aPreprint
_fSiberian div. of the Russ. acad. of sciences, A.P. Ershov Inst. of informatics systems
_v60
300 _aНа парал. тит. л. авт. также на рус. яз.: А.В. Замулин
300 _aРез. на рус. яз.
320 _aБиблиогр.: с. 26-28 (27 назв.)
510 0 _6z45790
_aРодовые средства в объектно-ориентированных машинах абстрактных состояний
_zrus
606 _aC++, язык программирования
_92072018
_3RU\NLR\AUTH\661246828
606 _aBorland C++, система программирования
_xБиблиотеки стандартных подпрограмм
_92256792
_3RU\NLR\AUTH\6601583497
686 1 _aЗ973.23-018.1
700 1 _aZamulin
_bA. V.
_gAleksandr Vasil'evič
_4070
790 1 _6z45510
_aЗамулин
_bА. В.
_gАлександр Васильевич
_4070
801 0 _aRU
_bNLR
_c20130514
_gRCR
801 1 _aRU
_bNLR
_c20130514
942 _cBOOK
980 _aNB